Traducciones, perversiones / (Record no. 180766)

MARC details
000 -LEADER
campo de control de longitud fija 00907nam a2200253 i 4500
001 - NÚMERO DE CONTROL
campo de control 180766
003 - IDENTIFICADOR DE NÚMERO DE CONTROL
campo de control ES-MaACL
005 - FECHA Y HORA DE LA ÚLTIMA TRANSACCIÓN
campo de control 20250911062853.0
008 - DATOS DE LONGITUD FIJA--INFORMACIÓN GENERAL
campo de control de longitud fija 120710s2011 sp a |||| | mul d
020 ## - NÚMERO INTERNACIONAL ESTÁNDAR DEL LIBRO
Número Internacional Estándar del Libro 978-84-9895-769-3
080 ## - NÚMERO DE LA CLASIFICACIÓN DECIMAL UNIVERSAL
Número de la Clasificación Decimal Universal 82-1
245 00 - MENCIÓN DEL TÍTULO
Título Traducciones, perversiones /
Mención de responsabilidad, etc. [selección y traducción] Leopoldo María Panero ; edición de Túa Blesa.
260 ## - PUBLICACIÓN, DISTRIBUCIÓN, ETC.
Lugar de publicación, distribución, etc. Madrid :
Nombre del editor, distribuidor, etc. Visor Libros,
Fecha de publicación, distribución, etc. [2011]
300 ## - DESCRIPCIÓN FÍSICA
Extensión 352 p. :
Otras características físicas il. ;
Dimensiones 20 cm.
490 1# - MENCIÓN DE SERIE
Mención de serie Colección Visor de poesía ;
Designación de volumen o secuencia 769
546 ## - NOTA DE IDIOMA
Nota de lengua/lenguaje Textos en latín, inglés y francés y traducción en español.
650 07 - PUNTO DE ACCESO ADICIONAL DE MATERIA--TÉRMINO DE MATERIA
Término de materia o nombre geográfico como elemento de entrada Poesías.
9 (RLIN) 166796
700 1# - ENTRADA AGREGADA--NOMBRE PERSONAL
Nombre de persona Panero, Leopoldo María,
Fechas asociadas al nombre 1948-2014
9 (RLIN) 88768
700 1# - ENTRADA AGREGADA--NOMBRE PERSONAL
Nombre de persona Blesa, Túa,
Fechas asociadas al nombre 1950-
9 (RLIN) 29477
830 0# - PUNTO DE ACCESO ADICIONAL DE SERIE-TÍTULO UNIFORME
Título uniforme Colección Visor de poesía
Designación de volumen o secuencia 769
9 (RLIN) 177331
852 ## - LOCALIZACIÓN
Ubicación ES-MaACL
Número de control de estantería A-12133
itemnumber 187677
Sublocalización o colección R.147077
Ubicación en estantería Depósito 1
Signatura antigua Olim: N-5138
942 ## - ELEMENTOS DE ENTRADA SECUNDARIOS (KOHA)
Fuente del sistema de clasificación o colocación Clasificación decimal universal
Tipo de ítem Koha Libro impreso
Holdings
Estatus retirado Estado de pérdida Fuente del sistema de clasificación o colocación Estado de daño No para préstamo Biblioteca de origen Biblioteca actual Ubicación en estantería Fecha de adquisición Fuente de adquisición Total de préstamos Signatura topográfica completa Código de barras Visto por última vez Precio de reemplazo Tipo de ítem Koha
    Clasificación decimal universal     Biblioteca del Ateneo de Madrid Biblioteca del Ateneo de Madrid Depósito 1 10/07/2012 Compra   A-12133 1189954 23/02/2023 23/02/2023 Libro impreso